Green Finance Instruments, FinTech, and Investment Strategies (Record no. 4866)

MARC details
000 -CABECERA
campo de control de longitud fija 04204cam a22003735i 4500
001 - NÚMERO DE CONTROL
campo de control 12855212
005 - FECHA Y HORA DE LA ÚLTIMA TRANSACCIÓN
campo de control 20250826133625.0
006 - CÓDIGOS DE INFORMACIÓN DE LONGITUD FIJA--CARACTERÍSTICAS DEL MATERIAL ADICIONAL
campo de control de longitud fija m d
007 - CAMPO FIJO DE DESCRIPCIÓN FÍSICA--INFORMACIÓN GENERAL
campo de control de longitud fija cr n
008 - DATOS DE LONGITUD FIJA--INFORMACIÓN GENERAL
campo de control de longitud fija 230624s2023 sz | o |||| 0|eng d
020 ## - NÚMERO INTERNACIONAL ESTÁNDAR DEL LIBRO
Número Internacional Estándar del Libro 9783031290312
020 ## - NÚMERO INTERNACIONAL ESTÁNDAR DEL LIBRO
Número Internacional Estándar del Libro 9783031290305
020 ## - NÚMERO INTERNACIONAL ESTÁNDAR DEL LIBRO
Número Internacional Estándar del Libro 9783031290329
020 ## - NÚMERO INTERNACIONAL ESTÁNDAR DEL LIBRO
Número Internacional Estándar del Libro 9783031290336
035 ## - NÚMERO DE CONTROL DEL SISTEMA
Número de control de sistema (WaSeSS)ssj0002885130
040 ## - FUENTE DE LA CATALOGACIÓN
Centro/agencia modificador WaSeSS
Lengua de catalogación English
Centro/agencia transcriptor tbs
041 ## - CÓDIGO DE LENGUA
Código de lengua del texto/banda sonora o título independiente English
050 #4 - SIGNATURA TOPOGRÁFICA DE LA BIBLIOTECA DEL CONGRESO
Número de clasificación HG176.7
245 10 - MENCIÓN DE TÍTULO
Título Green Finance Instruments, FinTech, and Investment Strategies
Resto del título : Sustainable Portfolio Management in the Post-COVID Era
Mención de responsabilidad, etc. / edited by Nader Naifar, Ahmed Elsayed.
250 ## - MENCIÓN DE EDICIÓN
Mención de edición First edition
264 #1 - PRODUCCIÓN, PUBLICACIÓN, DISTRIBUCIÓN, FABRICACIÓN Y COPYRIGHT
Producción, publicación, distribución, fabricación y copyright Cham :
Nombre del de productor, editor, distribuidor, fabricante Springer International Publishing :
-- Imprint: Springer,
Fecha de producción, publicación, distribución, fabricación o copyright 2023.
490 1# - MENCIÓN DE SERIE
Mención de serie Sustainable Finance,
Número Internacional Normalizado para Publicaciones Seriadas 2522-8293
505 0# - NOTA DE CONTENIDO CON FORMATO
Nota de contenido con formato Part 1: Green Finance, Sustainability, and Investment Strategies — Chapter 1. Multi-criteria Decision Analysis for Sustainable Green Financing in Energy Sector — Chapter 2. The Development of the Global Green Finance Market: the Role of Banks and Non-banking Institutional Investors — Chapter 3. Corporate Social Responsibility and Bank Credit Ratings — Chapter 4. The Impact of Banking on Sustainable Financial Practices Towards an Equitable Economy — Chapter 5. Ethical and Socially Responsible Investments in the Islamic Financial Framework: Heart, Mind, and Money: Religious Believes and Financial Decision-making — Chapter 6. Malaysia's Sustainable Banking Regulatory Framework: Value-based Intermediation and Climate Change Principle-based Taxonomy — Part 2: the Impact of Fintech and Investment Sustainability — Chapter 7. The Impact of the Digital Economy Paradigm on Investment Sustainability in Oman — Chapter 8. The Sandbox in Saudi Arabia: a Regulatory Approach and Applications — Chapter 9. Risk Factors in Cryptocurrency Investments and Feasible Solution to Mitigate Them — Chapter 10. The Examination of Shariah Compliance of Equity Crowdfunding Companies in Indonesia — Chapter 11. Fintech and Banking: an Indian Perspective — Chapter 12. Green Finance and Fintech: Towards a More Sustainable Financial System.
506 ## - NOTA DE RESTRICCIONES AL ACCESO
Limitaciones de acceso Access may be restricted to institutions with a site license.
520 ## - SUMARIO, ETC.
Sumario, etc. In the COVID 19 post-pandemic era, sustainable financial systems are increasingly getting the attention they deserve, and policymakers are now moving toward investment and financing decisions based on sustainable development. Green finance plays an important role in mobilizing financial resources and hedging against environmental risk to achieve financially sustainable systems. Moreover, green financial instruments offer viable alternatives for investors and regulators with regard to portfolio management and risk minimization. Over the last few years, financial technology (FinTech) has grown to become one of the most topical areas in the global financial services industry. The development of distributed ledger technology, big data, smart contracts, peer-to-peer lending platforms, biometrics, and new digital has sparked innovation in the financial services industry and the development of new financing and investment strategies. The combination of sustainability and FinTech can help policymakers to achieve ESG targets when making investment and financing decisions. This book showcases a collection of recent advances in green finance and FinTech and explores their impact in achieving sustainable finance, investment strategy-making, and portfolio management. Presenting theoretical frameworks and the latest empirical studies in the field of green finance and FinTech, it offers a valuable asset for academics, professionals, policymakers, regulators, and investors who want to understand in-depth the impact of green finance and FinTech on future investment and financing strategies in the post-pandemic era.
650 #0 - PUNTO DE ACCESO ADICIONAL DE MATERIA--TÉRMINO DE MATERIA
Término de materia o nombre geográfico como elemento de entrada Financial engineering
9 (RLIN) 2326
650 #0 - PUNTO DE ACCESO ADICIONAL DE MATERIA--TÉRMINO DE MATERIA
Término de materia o nombre geográfico como elemento de entrada Financial risk management
9 (RLIN) 7393
650 #0 - PUNTO DE ACCESO ADICIONAL DE MATERIA--TÉRMINO DE MATERIA
Término de materia o nombre geográfico como elemento de entrada Sustainability
9 (RLIN) 5153
650 #0 - PUNTO DE ACCESO ADICIONAL DE MATERIA--TÉRMINO DE MATERIA
Término de materia o nombre geográfico como elemento de entrada Business ethics
9 (RLIN) 3022
700 ## - ENTRADA AGREGADA--NOMBRE PERSONAL
Nombre de persona Naifar, Nader.
9 (RLIN) 25766
700 ## - ENTRADA AGREGADA--NOMBRE PERSONAL
Nombre de persona Elsayed, Ahmed.
9 (RLIN) 25767
830 #0 - PUNTO DE ACCESO ADICIONAL DE SERIE-TÍTULO UNIFORME
Título uniforme Sustainable Finance,
Número Internacional Normalizado para Publicaciones Seriadas 2522-8293
942 ## - ELEMENTOS DE ENTRADA AGREGADA (KOHA)
Fuente del sistema de clasificación o colocación Clasificación de Library of Congress
Holdings
Estado de retiro Estado de pérdida Fuente del sistema de clasificación o colocación Estado dañado No para préstamo Biblioteca de origen Biblioteca actual Fecha de adquisición Total de préstamos Signatura topográfica completa Código de barras Fecha visto por última vez Número de copia Precio válido a partir de Tipo de ítem Koha
    Clasificación de Library of Congress     TBS Barcelona TBS Barcelona 26/08/2025   HG176.7 GRE B05696 26/08/2025 1 26/08/2025 Book

Powered by Koha